Postharvest management of horticultural crops (Record no. 17395)

000 -LEADER
fixed length control field 00232nam a22000857a 4500
003 - CONTROL NUMBER IDENTIFIER
control field Nust
005 - DATE AND TIME OF LATEST TRANSACTION
control field 20170407131957.0
008 - FIXED-LENGTH DATA ELEMENTS--GENERAL INFORMATION
fixed length control field 150917t xxu||||| |||| 00| 0 eng d
020 ## - INTERNATIONAL STANDARD BOOK NUMBER
Linkage 81-7754-322-9
040 ## - CATALOGING SOURCE
Transcribing agency ASAB
082 ## - DEWEY DECIMAL CLASSIFICATION NUMBER
Classification number 633
100 ## - MAIN ENTRY--PERSONAL NAME
Personal name S. saraswathy
9 (RLIN) 1206
245 ## - TITLE STATEMENT
Title Postharvest management of horticultural crops
Statement of responsibility, etc. by S. Saraswathy
260 ## - PUBLICATION, DISTRIBUTION, ETC.
Place of publication, distribution, etc. India
Name of publisher, distributor, etc. Agrobios
Date of publication, distribution, etc. 2008
300 ## - PHYSICAL DESCRIPTION
Extent 543 P
942 ## - ADDED ENTRY ELEMENTS (KOHA)
Source of classification or shelving scheme
Koha item type Book
Holdings
Withdrawn status Lost status Source of classification or shelving scheme Damaged status Not for loan Collection code Permanent Location Current Location Date acquired Total Checkouts Barcode Date last seen Price effective from Koha item type
            Atta-ur-Rahman School of Applied Biosciences (ASAB) Atta-ur-Rahman School of Applied Biosciences (ASAB) 09/17/2015   ASAB2276 04/07/2017 09/17/2015 Book
© 2023 Central Library, National University of Sciences and Technology. All Rights Reserved.